| 000 | 01010nam a2200277Ia 4500 | ||
|---|---|---|---|
| 003 | OSt | ||
| 005 | 20221005111605.0 | ||
| 006 | a|||||r|||| 00| 0 | ||
| 007 | ta | ||
| 008 | 221004b |||||||| |||| 00| 0 hin d | ||
| 020 |
_a9788126319336 (hbk) _c540 |
||
| 024 | _a7925 | ||
| 037 |
_b252, 24/10/2013, Swaraj Prakashan _cTextual |
||
| 040 |
_aCRL _cCRL _bhin |
||
| 041 |
_2hin _ahin |
||
| 082 | _aO152,3N40,DS, Q1 | ||
| 100 | _aकालिया, ममता | ||
| 245 | 0 | _aदुक्खम सुक्खम | |
| 246 | _aDukkham sukkhama | ||
| 260 |
_aनई दिल्ली _bभारतीय ज्ञानपीठ भारत _c2011 |
||
| 300 |
_a274पृ0 _ccm. |
||
| 490 | _aलोकोदय ग्रन्थमाला; ग्रन्थांक 1112 | ||
| 650 | _aहिन्दी साहित्य | ||
| 942 |
_hO152,3N40,DS, Q1 _cTEXL _2cc |
||
| 999 |
_c1022276 _d1022276 |
||